Updated: Premier League Players That Have Scored The Most Goals 2021 - Statistics

General Stats
  • This quiz has been taken 38 times
    26 since last reset
  • The average score is 21 of 50
Answer Stats
Hint Answer % Correct
22 Goals Mohamed Salah
100%
23 Goals Harry Kane
95%
11 Goals Sadio Mane
86%
17 goals Son Heung-Min
81%
9 Goals Gabriel Jesus
71%
6 Goals Kevin De Bruyne
71%
10 Goals Pierre-Emerick Aubameyang
67%
10 Goals Raheem Sterling
67%
13 Goals Alexandre Lacazette
62%
9 Goals Diogo Jota
62%
15 Goals Jamie Vardy
62%
11 Goals Marcus Rashford
62%
9 Goals Roberto Firmino
62%
18 Goals Bruno Fernandes
57%
8 Goals James Maddison
52%
9 Goals Riyad Mahrez
52%
12 Goals Danny Ings
48%
13 Goals Ilkay Gundogan
48%
9 Goals Phil Foden
48%
7 Goals Richarlison
48%
12 Goals Callum Wilson
43%
16 Goals Dominic Calvert Lewin
43%
7 Goals Mason Greenwood
43%
10 Goals Michail Antonio
43%
10 Goals Nicolas Pepe
43%
14 Goals Ollie Watkins
43%
10 Goals Edinson Cavani
38%
17 Goals Patrick Bamford
38%
11 Goals Wilfried Zaha
38%
9 Goals Harvey Barnes
33%
8 Goals James Ward-Prowse
33%
8 Goals Neal Maupay
33%
8 Goals Jarrod Bowen
29%
7 Goals Rodrigo
29%
10 Goals Christian Benteke
24%
12 Goals Chris Wood
24%
11 Goals Gareth Bale
24%
7 Goals Jorginho
24%
12 Goals Kelechi Iheanacho
24%
9 Goals Che Adams
19%
8 Goals Jack Harrison
19%
10 Goals Tomas Soucek
19%
7 Goals Bertrand Traore
14%
9 Goals Jesse Lingard
14%
8 Goals Stuart Dallas
14%
8 Goals David McGoldrick
10%
7 Goals Ferran Torres
10%
11 Goals Matheus Pereira
10%
10 Goals Anwar El Ghazi
5%
8 Goals Joseph Willock
5%
No matching quizzes found
Score Distribution
Percent of People with Each Score
Percentile by Number Answered
Your Score History
You have not taken this quiz since the last reset